000 01637cam a2200457 ic4500
999 _c13442
_d13442
001 vtls000110092
003 NUKAT
005 20181205130429.0
008 030312s1981 pl a e f |000 0 pol c
020 _a8301009063
035 _azz2003823766
039 9 _a201805161344
_bpw
_c201803211305
_dkopugd
_c201712201242
_dkopagh
_c201703031033
_dvpsl
040 _aLUBL 58/HR
_cLUBL 58/HR
_dLUBL 58/LK
_dWA U/88OBs
_dOLSZT 003/bak
245 0 0 _aUżytkowanie systemu liczącego :
_bćwiczenia i laboratorium : praca zbiorowa.
_nT. 1,
_p[Użytkowanie systemu liczącego kolektywne w trybie tradycyjnym] /
_cpod red. Zbigniewa Kierzkowskiego ; [aut.: Zdzisław Dąbrowski et al.].
246 3 0 _aUżytkowanie systemu liczącego kolektywne w trybie tradycyjnym
260 _aWarszawa ;
_aPoznań :
_bPaństwowe Wydawnictwo Naukowe,
_c1981.
300 _a281 s., [1] k. tabl. :
_bil. ;
_c24 cm.
504 _aBibliogr. s. 280-281.
521 8 _aSkrypt dla studentów wyższych szkół technicznych.
650 _aInformatyka
_vzadania i ćwiczenia.
700 1 _aKierzkowski, Zbigniew
_d(1936- ).
_eRed.
700 1 _aDąbrowski, Zdzisław
_d(1927-2000).
710 2 _aPaństwowe Wydawnictwo Naukowe (1951-1992).
_4pbl
_9995
982 _aBYDG_24
942 _2ddc
_cBK
960 _aGD_U
967 _aLUBL_U
980 _aSZCZ_ZUT